| 000 | 00748nam a2200181Ia 4500 | ||
|---|---|---|---|
| 008 | 090711s9999 xx 000 0 und d | ||
| 082 | _b57214 | ||
| 100 | _aगाला ध. रा. / गाला धीरेन | ||
| 245 | _aउपवास करा आणि निरोगी रहा | ||
| 260 |
_bगाला पब्लिशर्स _c1987 |
||
| 300 | _a47 | ||
| 600 | _aगाला ध. रा. / गाला धीरेन | ||
| 630 | _aउपवास करा आणि निरोगी रहा | ||
| 700 | _aतोडकर वासंती | ||
| 700 | _aगाला ध. रा. / गाला धीरेन | ||
| 730 | _aउपवास करा आणि निरोगी रहा | ||
| 942 | _cBOOK | ||
| 999 |
_c328716 _d328716 |
||